Request for parliamentary Approval for Customs and Tax Waivers for the Rural Enterprises Programme. (Record no. 1854)
[ view plain ]
| 000 -LEADER | |
|---|---|
| fixed length control field | 00488nam a2200145Ia 4500 |
| 008 - FIXED-LENGTH DATA ELEMENTS--GENERAL INFORMATION | |
| fixed length control field | 240429s9999||||xx |||||||||||||| ||und|| |
| 041 ## - LANGUAGE CODE | |
| Language code of text/sound track or separate title | eng |
| 082 ## - DEWEY DECIMAL CLASSIFICATION NUMBER | |
| Classification number | PM/REP/13 |
| 100 ## - MAIN ENTRY--PERSONAL NAME | |
| Personal name | Parliament of Ghana |
| 245 #0 - TITLE STATEMENT | |
| Title | Request for parliamentary Approval for Customs and Tax Waivers for the Rural Enterprises Programme. |
| 300 ## - PHYSICAL DESCRIPTION | |
| Extent | 21p; tab |
| 650 ## - SUBJECT ADDED ENTRY--TOPICAL TERM | |
| Topical term or geographic name entry element | Request for parliamentary Approval for Customs and Tax - Waivers for the Rural Enterprises Programme. |
| 942 ## - ADDED ENTRY ELEMENTS (KOHA) | |
| Koha item type | Memorandum |
| Withdrawn status | Lost status | Damaged status | Not for loan | Home library | Current library | Shelving location | Date acquired | Total checkouts | Full call number | Date last seen | Copy number | Price effective from | Koha item type |
|---|---|---|---|---|---|---|---|---|---|---|---|---|---|
| Main Library | Main Library | Open Shelves | 29/11/2022 | PM/REP/13 3730 C1 - PM/REP/13 3731 C2 | 29/04/2024 | 1 | 29/04/2024 | Memorandum |